000 00719nam a2200289Ia 4500
005 20260324130732.0
008 008 260324s9999 xx 000 0 eng d
020 _a9781003137900
037 _aEBOOK
040 _aCRL
040 _beng
040 _cCRL
041 _2eng
041 _aeng
084 _qCRL
100 _aPaschalis M. Kitromilides
_91182906
245 3 _aAn Orthodox Commonwealth
245 0 _bSymbolic Legacies and Cultural Encounters in Southeastern Europe
260 _bTaylor and Francis
260 _c2007
365 _a
365 _b220
856 _uhttp://www.taylorfrancis.com/books/9781003137900
942 _cEBOOK
999 _c1779333
_d1779333